Contemporary management. (5th ed.) (Record no. 79823)

MARC details
000 -LEADER
fixed length control field 01158nam a2200217 a 4500
008 - FIXED-LENGTH DATA ELEMENTS--GENERAL INFORMATION
fixed length control field 090709s2008 ||||||||||||||||| || u
020 ## - INTERNATIONAL STANDARD BOOK NUMBER
International Standard Book Number 9780073530222
050 ## - LIBRARY OF CONGRESS CALL NUMBER
Classification number HD 31 Jon
100 ## - MAIN ENTRY--PERSONAL NAME
Personal name Jones, Gareth R
245 10 - TITLE STATEMENT
Title Contemporary management. (5th ed.)
Statement of responsibility, etc. Gareth R. Jones and Jennifer M. George
250 ## - EDITION STATEMENT
Edition statement 5th ed.
260 ## - PUBLICATION, DISTRIBUTION, ETC.
Place of publication, distribution, etc. NewYork:
Name of publisher, distributor, etc. McGraw-Hill/Irwin
Date of publication, distribution, etc. 2008
300 ## - PHYSICAL DESCRIPTION
Extent xxxiii, 805p.: ill.
350 ## -
-- 0.00
650 #0 - SUBJECT ADDED ENTRY--TOPICAL TERM
Topical term or geographic name entry element MANAGEMENT
700 ## - ADDED ENTRY--PERSONAL NAME
Personal name George, Jennifer M
995 ## -
-- MAIN LIBRARY OPEN ACCESS
-- 0.00
-- 740284
-- CBU-MAIN LIBRARY (Kitwe)
-- 1
-- 0.00
-- HD 31 JON
-- 4
-- AVAILABLE
-- Aug 26, 2009
-- 740284
-- Main Library Open Access Collection
995 ## -
-- BINDERY (DAMAGED)
-- 0.00
-- 740283
-- CBU-MAIN LIBRARY (Kitwe)
-- 1
-- 0.00
-- HD 31 JON
-- 3
-- DAMAGED
-- Aug 26, 2009
-- 740283
-- Main Library Open Access Collection
995 ## -
-- BINDERY (DAMAGED)
-- 0.00
-- 740282
-- CBU-MAIN LIBRARY (Kitwe)
-- 1
-- 0.00
-- HD 31 JON
-- 2
-- DAMAGED
-- Aug 26, 2009
-- 740282
-- Main Library Open Access Collection
995 ## -
-- MAIN LIBRARY OPEN ACCESS
-- 0.00
-- 740281
-- CBU-MAIN LIBRARY (Kitwe)
-- 1
-- 0.00
-- HD 31 JON
-- 1
-- AVAILABLE
-- Aug 26, 2009
-- 740281
-- Main Library Open Access Collection
999 ## -
-- 79823
-- 79823
Holdings
Withdrawn status Lost status Source of classification or shelving scheme Damaged status Not for loan Permanent Location Current Location Shelving location Date acquired Total Checkouts Full call number Barcode Date last seen Copy number Price effective from Koha item type Date last checked out
          CBU-MAIN LIBRARY, KITWE. CBU-MAIN LIBRARY, KITWE.   06/29/2023   HD 31 Jon 740284 06/29/2023 1 06/29/2023 MONOGRAPH  
          CBU-MAIN LIBRARY, KITWE. CBU-MAIN LIBRARY, KITWE.   06/29/2023   HD 31 Jon 740283 06/29/2023 2 06/29/2023 MONOGRAPH  
          CBU-MAIN LIBRARY, KITWE. CBU-MAIN LIBRARY, KITWE.   06/29/2023   HD 31 Jon 740282 06/29/2023 3 06/29/2023 MONOGRAPH  
          CBU-MAIN LIBRARY, KITWE. CBU-MAIN LIBRARY, KITWE.   06/29/2023 1 HD 31 Jon 740281 08/27/2024 4 06/29/2023 MONOGRAPH 08/14/2024